MARC details
| 000 -LÍDER |
| campo de controle de tamanho fixo |
01996nam a2200301 4500 |
| 001 - NÚMERO DE CONTROLE |
| campo de controle |
45 |
| 003 - IDENTIFICADOR DO NÚMERO DE CONTROLE |
| campo de controle |
OSt |
| 005 - DATA E HORÁRIO DA ÚLTIMA TRANSAÇÃO |
| campo de controle |
20250401122215.0 |
| 008 - CAMPO DE DADOS FIXOS--INFORMAÇÃO GERAL |
| campo de controle de tamanho fixo |
250122b |||||||e |||| 00| 0 eng d |
| 040 ## - FONTE DA CATALOGAÇÃO |
| Idioma da catalogação |
por |
| 041 ## - CÓDIGO DE IDIOMA |
| Código do idioma do original e/ou traduções intermediárias do texto |
spa |
| Código do idioma do texto/trilha sonora ou título diferente |
por |
| 082 ## - CDD - CLASSIFICAÇÃO DECIMAL DE DEWEY |
| Número de Classificação |
920 |
| Número do exemplar |
B327e |
| 100 1# - ENTRADA PRINCIPAL--NOME PESSOAL |
| Nome pessoal |
Roa Bastos, Augusto Antonio, |
| Datas associadas ao nome |
1917-2005. |
| 9 (RLIN) |
131 |
| 240 ## - TÍTULO UNIFORME |
| Título uniforme |
Yo, El supremo |
| 245 ## - TÍTULO |
| Título |
Eu, o supremo / |
| Indicação de responsabilidade, etc. |
Roa Bastos, Augusto ; Tradução de Galeno de Freitas |
| 260 ## - PUBLICAÇÃO, DISTRIBUIÇÃO, ETC. |
| Local de publicação, distribuição, etc. |
São Paulo |
| Nome do editor, distribuidor, etc. |
Círculo do Livro |
| 300 ## - DESCRIÇÃO FÍSICA |
| Extensão |
467 p. |
| 520 ## - NOTA DE RESUMO, ETC. |
| Resumo, etc. |
Esgotado há mais de 30 anos no Brasil, “Eu o supremo” foi lançado em 1974 no Paraguai e se tornou um clássico instantâneo, sendo traduzido rapidamente para mais de 20 idiomas. Até hoje, é considerado o romance mais famoso e mais importante do país – sendo também uma das obras sobre ditaduras mais representativas da América Latina. Nesse romance, Roa Bastos parte da biografia do ditador José Gaspar Francia para tentar narrar o perfil do dirigente autoritário latino-americano, trazendo as características de outros personagens históricos do país até apresentar uma figura que se tornaria cada vez mais comum em todo o continente ao longo do século XX, culminando nos anos de chumbo da década de 1970. Carregado de frases lapidares, o romance é também um ensaio histórico, sociológico e filosófico acerca do poder ditatorial. Ao passo que a publicação do romance enfureceu o ditador Alfredo Stroessner, obrigando Roa Bastos (1917-2005) a se exilar na França, “Eu o supremo” fez com que o autor fosse reconhecido em todo o mundo, lhe rendendo dois grandes prêmios literários: Prix du Memorial de America Latina” (1988) e Prêmio Miguel de Cervantes (1989). |
| 650 #0 - ASSUNTO--TERMO TÓPICO |
| Cabeçalho tópico ou nome geográfico |
Literatura paraguaia |
| 9 (RLIN) |
132 |
| 650 #0 - ASSUNTO--TERMO TÓPICO |
| Cabeçalho tópico ou nome geográfico |
Ditadura |
| 9 (RLIN) |
34 |
| 650 #0 - ASSUNTO--TERMO TÓPICO |
| Cabeçalho tópico ou nome geográfico |
Histórico |
| 9 (RLIN) |
53 |
| 650 #0 - ASSUNTO--TERMO TÓPICO |
| Cabeçalho tópico ou nome geográfico |
Fatos Reais |
| 9 (RLIN) |
33 |
| 650 #0 - ASSUNTO--TERMO TÓPICO |
| Cabeçalho tópico ou nome geográfico |
Clássicos |
| 9 (RLIN) |
77 |
| 655 #0 - TERMO DE ÍNDICE--GÊNERO E FORMA |
| Gênero/forma/ou termo foco |
Romance |
| 655 #0 - TERMO DE ÍNDICE--GÊNERO E FORMA |
| Gênero/forma/ou termo foco |
Biografia |
| 700 ## - ENTRADA ADICIONADA - NOME PESSOAL |
| Nome pessoal |
Galeno de Freitas |
| Função do autor por extenso |
Tradutor |
| 9 (RLIN) |
133 |
| 942 ## - ELEMENTOS DE ENTRADA ADICIONADOS (KOHA) |
| Fonte de classificação ou esquema de arquivamento |
Classificação decimal de Dewey |
| Ocultar no OPAC |
Não |
| Tipo de material Koha |
Livros |